Т. 84, № 4; Энергетическое машиностроение

Bibliographische Detailangaben
Parent link:Энергетическое машиностроение=Transactions of the ASME. A - Journal of Engineering for Power: Труды Американского общества инженеров-механиков. Т. 84, № 4.— , 1959-1961.— 1528-8919
Sprache:Russisch
Veröffentlicht: 1962
Format: MixedMaterials Buch
KOHA link:https://koha.lib.tpu.ru/cgi-bin/koha/opac-detail.pl?biblionumber=571810

MARC

LEADER 00000nam2a2200000 4500
001 571810
005 20231101125315.0
035 |a (RuTPU)RU\TPU\prd\269802 
035 |a RU\TPU\prd\269799 
090 |a 571810 
100 |a 20170302c19591961k y0rusy50 ca 
101 0 |a rus  |c eng 
102 |a RU 
200 0 |a Т. 84, № 4 
210 |d 1962 
461 1 |0 (RuTPU)RU\TPU\prd\517  |x 1528-8919  |t Энергетическое машиностроение  |l Transactions of the ASME. A - Journal of Engineering for Power  |o Труды Американского общества инженеров-механиков  |v Т. 84, № 4  |d 1959-1961 
801 0 |a RU  |b 63413507  |c 20010227  |g PSBO 
801 1 |a RU  |b 63413507  |c 20020228  |g PSBO 
801 2 |a RU  |b 63413507  |c 20170309  |g PSBO 
942 |c BK 
999 |a НТБ_ТПУ  |b НФ  |e -14/20170109  |p П-172A  |u 0,00  |v 1  |x 9446